Subhas Bose and his ideas / (Record no. 463546)

MARC details
000 -LEADER
fixed length control field 00828nam a2200277 a 4500
001 - CONTROL NUMBER
control field vtls001192667
003 - CONTROL NUMBER IDENTIFIER
control field NLI
005 - DATE AND TIME OF LATEST TRANSACTION
control field 20210603151049.0
008 - FIXED-LENGTH DATA ELEMENTS--GENERAL INFORMATION
fixed length control field 120328s1946 pk ac 001 0 eng d
039 #9 - LEVEL OF BIBLIOGRAPHIC CONTROL AND CODING DETAIL [OBSOLETE]
-- 201203281644
-- VLOAD
040 ## - CATALOGING SOURCE
Original cataloging agency NLI
Language of cataloging eng
Transcribing agency Entertech IMP - 2012
Description conventions AACR2
041 0# - LANGUAGE CODE
Language code of text/sound track or separate title eng
044 ## - COUNTRY OF PUBLISHING/PRODUCING ENTITY CODE
MARC country code pk
084 ## - OTHER CLASSIFICATION NUMBER
Classification number 169.D.1059
100 1# - MAIN ENTRY--PERSONAL NAME
Personal name Brighk, Jagat S.
9 (RLIN) 626172
245 10 - TITLE STATEMENT
Title Subhas Bose and his ideas /
Statement of responsibility, etc. by Jagat S. Bright
260 ## - PUBLICATION, DISTRIBUTION, ETC.
Place of publication, distribution, etc. Lahore :
Name of publisher, distributor, etc. India Printing Works ,
Date of publication, distribution, etc. 1946
300 ## - PHYSICAL DESCRIPTION
Extent 276 p. :
Other physical details port.,ill. ;
Dimensions 18 cm.
600 10 - SUBJECT ADDED ENTRY--PERSONAL NAME
Personal name Bose, Subhas Chandra,
Dates associated with a name 1897-1945
651 #0 - SUBJECT ADDED ENTRY--GEOGRAPHIC NAME
Geographic name India
General subdivision Politics and government
Chronological subdivision 1919-1947
9 (RLIN) 1352
887 ## - NON-MARC INFORMATION FIELD
Content of non-MARC field
901 ## - LOCAL DATA ELEMENT A, LDA (RLIN)
a IMP110666 :
b 16.12.2010
902 ## - LOCAL DATA ELEMENT B, LDB (RLIN)
a 169.D.1059
942 ## - ADDED ENTRY ELEMENTS (KOHA)
Source of classification or shelving scheme Dewey Decimal Classification
Koha item type Books
949 ## - LOCAL PROCESSING INFORMATION (OCLC)
-- VIRTUAITEM
-- 10000
-- 100
6 IMP000110666ENG
Holdings
Withdrawn status Lost status Damaged status Not for loan Home library Current library Date acquired Total Checkouts Full call number Barcode Date last seen Price effective from Koha item type
        National Library of India National Library of India     169.D.1059 IMP000110666ENG 03/06/2021 03/06/2021 Books
                                                                           
web counter

Copyright ©2020 The National Library of India, Govt. of India ↔ Hosted by NVLI, MOC ↔ Technology and Design by National Library of India, Ministry of Culture, Govt. of India